Soria (Record no. 66878)

MARC details
000 -LEADER
campo de control de longitud fija 00698nam a2200205 i 4500
001 - NÚMERO DE CONTROL
campo de control 66878
003 - IDENTIFICADOR DE NÚMERO DE CONTROL
campo de control ES-MaACL
005 - FECHA Y HORA DE LA ÚLTIMA TRANSACCIÓN
campo de control 20230906165856.0
007 - CAMPO FIJO DE DESCRIPCIÓN FÍSICA--INFORMACIÓN GENERAL
campo de control de longitud fija t|
008 - DATOS DE LONGITUD FIJA--INFORMACIÓN GENERAL
campo de control de longitud fija 040416s1996 sp ao |||| | spa d
080 ## - NÚMERO DE LA CLASIFICACIÓN DECIMAL UNIVERSAL
Número de la Clasificación Decimal Universal 914.601.86
100 1# - ENTRADA PRINCIPAL--NOMBRE DE PERSONA
Nombre de persona Goig Soler, María Isabel.
9 (RLIN) 57620
245 10 - MENCIÓN DEL TÍTULO
Título Soria
Resto del título : pueblo a pueblo /
Mención de responsabilidad, etc. María Isabel Goig Soler, María Luisa Goig Soler.
260 ## - PUBLICACIÓN, DISTRIBUCIÓN, ETC.
Lugar de publicación, distribución, etc. Soria :
Nombre del editor, distribuidor, etc. Goig Soler,
Fecha de publicación, distribución, etc. [1996] (
Lugar de fabricación/manufactura Barcelona :
Fabricante Gráf. Ochoa Soria)
300 ## - DESCRIPCIÓN FÍSICA
Extensión 401 p. :
Otras características físicas fot. ;
Dimensiones 23 cm.
500 ## - NOTA GENERAL
Nota general Glosario.
651 #4 - PUNTO DE ACCESO ADICIONAL DE MATERIA--NOMBRE GEOGRÁFICO
Nombre geográfico Soria (Provicia)-
Subdivisión general Descripción.
9 (RLIN) 9408
700 1# - ENTRADA AGREGADA--NOMBRE PERSONAL
Nombre de persona Goig Soler, María Luisa.
9 (RLIN) 57621
852 ## - LOCALIZACIÓN
Ubicación ES-MaACL
Número de control de estantería L-27461
Nota libre . - Dedicatoria autógrafa de la autora
Holdings
Estatus retirado Estado de pérdida Estado de daño No para préstamo Biblioteca de origen Biblioteca actual Ubicación en estantería Fecha de adquisición Fuente de adquisición Total de préstamos Signatura topográfica completa Código de barras Visto por última vez Precio de reemplazo Tipo de ítem Koha
        Biblioteca del Ateneo de Madrid Biblioteca del Ateneo de Madrid Depósito 2 17/01/2008     L-27461 1070047 23/02/2023 23/02/2023 Libro impreso